ਤਾਜ ਤੋਂ ਫੁਟਪਾਥ ਤਕ / (Record no. 109666)
[ view plain ]
| 000 -LEADER | |
|---|---|
| fixed length control field | 00909nam a22002417a 4500 |
| 005 - DATE AND TIME OF LATEST TRANSACTION | |
| control field | 20170123164141.0 |
| 010 ## - LIBRARY OF CONGRESS CONTROL NUMBER | |
| LC control number | A-873498 |
| 020 ## - INTERNATIONAL STANDARD BOOK NUMBER | |
| Terms of availability | 75.00 |
| 035 ## - SYSTEM CONTROL NUMBER | |
| System control number | A-873498 |
| 040 ## - CATALOGING SOURCE | |
| Original cataloging agency | DPL |
| Language of cataloging | PN |
| 082 ## - DEWEY DECIMAL CLASSIFICATION NUMBER | |
| Item number | ਸਿਆਸ |
| Classification number | ਕ |
| 100 ## - MAIN ENTRY--PERSONAL NAME | |
| Personal name | ਦੀਪਤੀ, ਸ਼ਿਅਾਮ ਸੁੰਦਰ |
| 9 (RLIN) | 6739 |
| 245 ## - TITLE STATEMENT | |
| Title | ਤਾਜ ਤੋਂ ਫੁਟਪਾਥ ਤਕ / |
| Statement of responsibility, etc | ਸ਼ਿਅਾਮ ਸੁੰਦਰ ਦੀਪਤੀ |
| 246 ## - VARYING FORM OF TITLE | |
| Title proper/short title | Taj to footpath tak |
| Remainder of title | by shayam sundar deepti |
| 260 ## - PUBLICATION, DISTRIBUTION, ETC. (IMPRINT) | |
| Place of publication, distribution, etc | ਅਮਿ੍ਤਸਰ |
| Name of publisher, distributor, etc | ਨਾਨਕ ਪੁਸਤਕ ਮਾਲਾ |
| Date of publication, distribution, etc | 1997 |
| 270 ## - ADDRESS | |
| Address | 5, ਸਿਟੀ ਸੈਂਟਰ, |
| City | ਅਮਿ੍ਤਸਰ |
| 300 ## - PHYSICAL DESCRIPTION | |
| Extent | 112p. |
| Dimensions | 23cm |
| 650 ## - SUBJECT ADDED ENTRY--TOPICAL TERM | |
| Topical term or geographic name as entry element | ਪੰਜਾਬੀ ਕਹਾਣੀਅਾਂ |
| 9 (RLIN) | 114828 |
| 650 ## - SUBJECT ADDED ENTRY--TOPICAL TERM | |
| Topical term or geographic name as entry element | ਪੰਜਾਬੀ ਸਾਹਿਤ |
| 9 (RLIN) | 114829 |
| 650 ## - SUBJECT ADDED ENTRY--TOPICAL TERM | |
| Topical term or geographic name as entry element | Punjabi stories |
| 9 (RLIN) | 6279 |
| 650 ## - SUBJECT ADDED ENTRY--TOPICAL TERM | |
| Topical term or geographic name as entry element | Punjabi Literature |
| 9 (RLIN) | 781 |
| 942 ## - ADDED ENTRY ELEMENTS (KOHA) | |
| Source of classification or shelving scheme | Dewey Decimal Classification |
| Koha item type | Punjabi Bks |
| Classification part | ਕ |
| Call number suffix | ਸਿਆਸ |
| Withdrawn status | Lost status | Damaged status | Not for loan | Home library | Current library | Date acquired | Source of acquisition | Cost, normal purchase price | Total Checkouts | Total Renewals | Full call number | Barcode | Date last seen | Date checked out | Copy number | Cost, replacement price | Price effective from | Koha item type |
|---|---|---|---|---|---|---|---|---|---|---|---|---|---|---|---|---|---|---|
| Central Library | Central Library | 08/06/2015 | Cen Lib / Ret | 75.00 | 1 | 1 | ਕ ਸਿਆਸ | A-873498 | 03/05/2025 | 03/04/2025 | 1 | 75.00 | 15/09/2016 | Punjabi Bks |
